Statistics for WWE Royal Rumble 2020 Entrants Quiz

Click here to take the quiz!

General Stats

  • This quiz has been taken 69 times
  • The average score is 21 of 60

Answer Stats

#AnswerE% Correct
1Brock Lesnar16
92%
16Drew McintyreW
80%
6Kofi Kingston1
80%
2Elias1
78%
8Big E1
76%
7Rey Mysterio1
76%
21Edge26
73%
25Randy Orton21
67%
15Ricochet16
67%
26Roman Reigns16
67%
30Seth Rollins16
65%
14Braun Strowman1
61%
17The Miz16
61%
18AJ Styles21
59%
12MVP1
59%
10Shelton Benjamin1
59%
11Shinsuke Nakamura1
59%
3Erick Rowan1
55%
13Keith Lee1
55%
20Karl Anderson25
53%
4Robert Roode1
51%
9Cesaro1
49%
5John Morrison1
49%
19Dolph Ziggler26
47%
29Samoa Joe30
45%
24Luke Gallows21
43%
17Charlotte FlairW
39%
27Kevin Owens30
39%
28Aleister Black30
35%
1Alexa Bliss2
31%
30Shayna Baszler17
29%
22King Corbin16
27%
23Matt Riddle22
27%
2Bianca Belair17
25%
23Natalya19
22%
27Carmella30
18%
18Naomi30
18%
4Nikki Cross2
18%
19Beth Phoenix30
16%
7Liv Morgan5
16%
5Lana7
14%
14Tamina2
14%
11Kairi Sane1
12%
21Kelly Kelly17
12%
15Dakota Kai16
10%
8Mandy Rose10
10%
3Mighty Molly2
10%
29Santina Marella29
10%
10Sonya Deville2
10%
28Tegan Nox30
8%
13Dana Brooke2
6%
22Sarah Logan30
6%
26Shotzi Blackheart30
6%
25Zelina Vega30
6%
9Candice Larae3
4%
16Chelsea Green1
4%
20Toni Storm30
4%
24Xia Li30
4%
6Mercedes Martinez8,10
2%
12Mia Yim1
2%

Score Distribution

Percentile by Number Answered

Percent of People with Each Score

Your Score History

You have not taken this quiz